000 00332nam a22001217a 4500
005 20170620150102.0
008 170620b xxu||||| |||| 00| 0 eng d
041 _aeng
245 _aELECTRICAL ENGINEERING S SC-JEn 2016:objective questions (previous years solved papers)
260 _bENGINEERS ACADEMY
300 _a326
942 _cBK
999 _c5469
_d5467